LDR 00800naa#a2200193#i#450# 001 RU\\bibl\118108 005 20260418191246.6 011 ## _a2782-4586 100 ## _a20260331b2026####ek#y0rusy0150####ca 101 0# _aENG 102 ## _aRU 200 1# _aАнализ изменений в отчете о прибылях и убытках страховых компаний в результате перехода с МСФО 4 на МСФО 17 _eЖурнальная статья 210 1# _aМосква _cУниверситет ИТБО _d2026 215 ## _a3 с. 608 ## _aЖурнальная статья _2local 675 ## _aСтрахование. 368 _zENG 700 #1 _aЛазуткина _gМария Владимировна 700 #1 _aЮрасова _gИрина Олеговна 856 4# _ajomeam.ru _u